<?xml version="1.0" encoding="UTF-8"?>
<resp>
  <nextPage>https://data.bn.org.pl/api/networks/bibs.marcxml?marc=001+b0000090072618&amp;sinceId=90072619</nextPage>
  <collection>
    <record xmlns='http://www.loc.gov/MARC21/slim'><leader>03307nam a2200901 i 4500</leader><controlfield tag='001'>b0000090072618</controlfield><controlfield tag='005'>20260424100949.2</controlfield><controlfield tag='008'>111027s2021    pl a          000 f pol d</controlfield><controlfield tag='009'>9912874262705606</controlfield><datafield ind1=' ' ind2=' ' tag='015'><subfield code='a'>UWD 2023/15506</subfield></datafield><datafield ind1=' ' ind2=' ' tag='020'><subfield code='a'>9788366712126</subfield><subfield code='q'>(oprawa twarda) :</subfield><subfield code='c'>zł 49</subfield></datafield><datafield ind1=' ' ind2=' ' tag='035'><subfield code='a'>990003581730207662-48omnis_network</subfield></datafield><datafield ind1=' ' ind2=' ' tag='035'><subfield code='a'>(Aleph)000358173MBP01</subfield></datafield><datafield ind1=' ' ind2=' ' tag='035'><subfield code='a'>(PL)b0000090072618</subfield></datafield><datafield ind1=' ' ind2=' ' tag='040'><subfield code='a'>MBPWR</subfield><subfield code='c'>MBPWR</subfield><subfield code='d'>WA N</subfield><subfield code='d'>KR U</subfield></datafield><datafield ind1='1' ind2=' ' tag='041'><subfield code='a'>pol</subfield><subfield code='h'>eng</subfield></datafield><datafield ind1=' ' ind2=' ' tag='046'><subfield code='k'>1999</subfield></datafield><datafield ind1=' ' ind2=' ' tag='080'><subfield code='a'>821.111(71)-3</subfield></datafield><datafield ind1=' ' ind2=' ' tag='084'><subfield code='a'>07</subfield></datafield><datafield ind1='1' ind2=' ' tag='100'><subfield code='a'>Erikson, Steven</subfield><subfield code='d'>(1959- )</subfield><subfield code='e'>Autor</subfield></datafield><datafield ind1='1' ind2='0' tag='245'><subfield code='a'>Ogrody księżyca /</subfield><subfield code='c'>Steven Erikson ; przełożył Michał Jakuszewski.</subfield></datafield><datafield ind1='1' ind2=' ' tag='246'><subfield code='i'>Tytuł oryginału:</subfield><subfield code='a'>Gardens of the moon,</subfield><subfield code='f'>1999</subfield></datafield><datafield ind1=' ' ind2=' ' tag='250'><subfield code='a'>Wydanie IV.</subfield></datafield><datafield ind1=' ' ind2=' ' tag='260'><subfield code='a'>Warszawa :</subfield><subfield code='b'>Wydawnicwto Mag,</subfield><subfield code='c'>2021.</subfield></datafield><datafield ind1=' ' ind2=' ' tag='300'><subfield code='a'>615, [8] stron :</subfield><subfield code='b'>ilustracje ;</subfield><subfield code='c'>23 cm.</subfield></datafield><datafield ind1=' ' ind2=' ' tag='336'><subfield code='a'>Tekst</subfield><subfield code='b'>txt</subfield><subfield code='2'>rdacontent</subfield></datafield><datafield ind1=' ' ind2=' ' tag='337'><subfield code='a'>Bez urządzenia pośredniczącego</subfield><subfield code='b'>n</subfield><subfield code='2'>rdamedia</subfield></datafield><datafield ind1=' ' ind2=' ' tag='338'><subfield code='a'>Wolumin</subfield><subfield code='b'>nc</subfield><subfield code='2'>rdacarrier</subfield></datafield><datafield ind1=' ' ind2=' ' tag='380'><subfield code='a'>Książki</subfield></datafield><datafield ind1=' ' ind2=' ' tag='380'><subfield code='a'>Proza</subfield></datafield><datafield ind1=' ' ind2=' ' tag='386'><subfield code='m'>Przynależność kulturowa</subfield><subfield code='a'>Literatura kanadyjska</subfield></datafield><datafield ind1='1' ind2=' ' tag='388'><subfield code='a'>1901-2000</subfield></datafield><datafield ind1='1' ind2=' ' tag='388'><subfield code='a'>1989-2000</subfield></datafield><datafield ind1='1' ind2=' ' tag='490'><subfield code='a'>Opowieść z Malazańskiej księgi poległych / Steven Erikson ;</subfield><subfield code='v'>1</subfield></datafield><datafield ind1=' ' ind2=' ' tag='500'><subfield code='a'>Tytuł oryginału cyklu: Malazan book of the fallen.</subfield></datafield><datafield ind1=' ' ind2='7' tag='650'><subfield code='a'>Magia</subfield><subfield code='2'>DBN</subfield></datafield><datafield ind1=' ' ind2='7' tag='650'><subfield code='a'>Walka dobra ze złem</subfield><subfield code='2'>DBN</subfield></datafield><datafield ind1=' ' ind2='7' tag='650'><subfield code='a'>Wojna</subfield><subfield code='2'>DBN</subfield></datafield><datafield ind1=' ' ind2='7' tag='650'><subfield code='a'>Zdrada</subfield><subfield code='2'>DBN</subfield></datafield><datafield ind1=' ' ind2='7' tag='655'><subfield code='a'>Fantasy</subfield><subfield code='2'>DBN</subfield></datafield><datafield ind1=' ' ind2='7' tag='655'><subfield code='a'>Powieść</subfield><subfield code='2'>DBN</subfield></datafield><datafield ind1='1' ind2=' ' tag='700'><subfield code='a'>Jakuszewski, Michał</subfield><subfield code='d'>(1958- )</subfield><subfield code='e'>Tłumaczenie</subfield></datafield><datafield ind1='2' ind2=' ' tag='710'><subfield code='a'>Wydawnictwo Mag, Jacek Rodek</subfield><subfield code='e'>Wydawca</subfield><subfield code='4'>pbl</subfield></datafield><datafield ind1='0' ind2=' ' tag='785'><subfield code='t'>Bramy Domu Umarłych /</subfield><subfield code='c'>Erikson, Steven</subfield></datafield><datafield ind1='1' ind2=' ' tag='800'><subfield code='a'>Erikson, Steven</subfield><subfield code='d'>(1959- ).</subfield><subfield code='t'>Malazańska księga poległych ;</subfield><subfield code='v'>1</subfield></datafield><datafield ind1=' ' ind2=' ' tag='852'><subfield code='b'>48OMNIS_UJA</subfield><subfield code='8'>991016942019205067</subfield></datafield><datafield ind1=' ' ind2=' ' tag='852'><subfield code='8'>22108150710007662</subfield><subfield code='j'>0</subfield><subfield code='b'>11</subfield><subfield code='p'>4001364806</subfield><subfield code='c'>U11</subfield></datafield><datafield ind1=' ' ind2=' ' tag='852'><subfield code='8'>224056360008216</subfield><subfield code='j'>1</subfield><subfield code='b'>KR_5_1</subfield><subfield code='p'>100000417454</subfield><subfield code='c'>BG_KS</subfield></datafield><datafield ind1=' ' ind2=' ' tag='852'><subfield code='8'>22102008250007662</subfield><subfield code='j'>0</subfield><subfield code='b'>29</subfield><subfield code='p'>4001363756</subfield><subfield code='c'>29</subfield></datafield><datafield ind1=' ' ind2=' ' tag='852'><subfield code='b'>48OMNIS_NLOP</subfield><subfield code='8'>991053070541105066</subfield></datafield><datafield ind1=' ' ind2=' ' tag='852'><subfield code='8'>22800219800008210</subfield><subfield code='j'>1</subfield><subfield code='b'>F03</subfield><subfield code='p'>11071821</subfield><subfield code='c'>lok03</subfield></datafield><datafield ind1=' ' ind2=' ' tag='852'><subfield code='8'>22643418980005067</subfield><subfield code='j'>1</subfield><subfield code='h'>1.088.626 II A</subfield><subfield code='b'>BJ</subfield><subfield code='p'>1003354087</subfield><subfield code='c'>BJ_EGZ_A</subfield></datafield><datafield ind1=' ' ind2=' ' tag='852'><subfield code='8'>22720092660005066</subfield><subfield code='j'>1</subfield><subfield code='h'>3.253.368 A</subfield><subfield code='b'>BN_PL</subfield><subfield code='p'>30001026642299</subfield><subfield code='c'>bk1</subfield></datafield><datafield ind1=' ' ind2=' ' tag='852'><subfield code='8'>22739694570008413</subfield><subfield code='j'>1</subfield><subfield code='b'>001WD</subfield><subfield code='p'>00101-000185681</subfield><subfield code='c'>WD</subfield></datafield><datafield ind1=' ' ind2=' ' tag='852'><subfield code='8'>22643419000005067</subfield><subfield code='j'>1</subfield><subfield code='h'>B 930326 II</subfield><subfield code='b'>BJ</subfield><subfield code='p'>1003354088</subfield><subfield code='c'>BJ_MAG</subfield></datafield><datafield ind1=' ' ind2=' ' tag='852'><subfield code='8'>22102008280007662</subfield><subfield code='j'>1</subfield><subfield code='b'>11</subfield><subfield code='p'>4001440485</subfield><subfield code='c'>11</subfield></datafield><datafield ind1=' ' ind2=' ' tag='852'><subfield code='8'>22720316940005066</subfield><subfield code='j'>1</subfield><subfield code='h'>3.634.774</subfield><subfield code='b'>BN_PL</subfield><subfield code='p'>30001026642305</subfield><subfield code='c'>bk8</subfield></datafield><datafield ind1=' ' ind2=' ' tag='852'><subfield code='b'>48OMNIS_NETWORK</subfield><subfield code='8'>9912874262705606</subfield></datafield><datafield ind1=' ' ind2=' ' tag='852'><subfield code='b'>48OMNIS_KR</subfield><subfield code='8'>991000033449508216</subfield></datafield><datafield ind1=' ' ind2=' ' tag='852'><subfield code='b'>48OMNIS_BOL</subfield><subfield code='8'>990014128150308413</subfield></datafield><datafield ind1=' ' ind2=' ' tag='852'><subfield code='b'>48OMNIS_MBP</subfield><subfield code='8'>990003581730207662</subfield></datafield><datafield ind1=' ' ind2=' ' tag='852'><subfield code='b'>48OMNIS_MBPG</subfield><subfield code='8'>991001122069708210</subfield></datafield><datafield ind1=' ' ind2=' ' tag='920'><subfield code='a'>978-83-66712-12-6 (oprawa twarda) : zł 49</subfield></datafield></record>
  </collection>
</resp>
